00539 2200205 4500001002100000005001500021035002000036007000300056008004100059020001800100082001000118084001600128100001800144245006000162250001100222260003500233300004000268650001600308990000900324INLIS00000000000157220180214103212 a0010-0218000167ta180214 g 0 ind  a979-662-243-6 a307.7 a307.7 TRI m0 aTRI, Haryanto1 aMenuju Masyarakat Swadaya dan Swakelola /cTri Haryanto acet. 1 aKlaten :bCempaka Putih,c2007 aiv; 60 Hlm :b.ilus ;c15 x 21,5 cm aILMU SOSIAL a2702